[Event "IX Open Autunno"]
[Site "Robecchetto con Induno ITA"]
[Date "2012.11.22"]
[Round "7"]
[White "Testa, Loris"]
[Black "Macchiettini, Pierangelo"]
[WhiteElo "1909"]
[BlackElo "1712"]
[Result "1-0"]
[PlyCount "66"]
[EventDate "2012.10.04"]

1. Nf3 c5 2. g3 d6 3. Bg2 Nf6 4. O-O e6 5. c4 Be7 6. Nc3 Nbd7 7. d4 cxd4 8.
Nxd4 a6 9. e4 O-O 10. Qc2 Qc7 11. b3 Qc5 12. Nf3 Ng4 13. h3 Nge5 14. Nxe5 Nxe5
15. Be3 Qc7 16. Rad1 Nc6 17. Rd2 Nb4 18. Qb1 Nc6 19. Rfd1 Ne5 20. f4 Nd7 21. f5
Nf6 22. Bf4 e5 23. Bg5 b5 24. Bxf6 gxf6 25. Nd5 Qc5+ 26. Kh2 Bd8 27. cxb5 axb5
28. b4 Qa7 29. Rc2 Bb7 30. Qc1 Qb8 31. Bf1 Bxd5 32. Rxd5 Qb6 33. Bxb5 Ra3 1-0

[Event "IX Open Autunno"]
[Site "Robecchetto con Induno ITA"]
[Date "2012.11.22"]
[Round "7"]
[White "Torretta, Gilberto"]
[Black "Sartorio, Alessandro"]
[WhiteElo "1675"]
[BlackElo "1221"]
[Result "0-1"]
[PlyCount "70"]
[EventDate "2012.10.04"]

1. e4 e5 2. Bc4 Nf6 3. Nf3 Nxe4 4. O-O d5 5. Bb3 Nc6 6. Re1 Bc5 7. d4 Nxd4 8.
Nxd4 Bxd4 9. Kf1 Bxf2 10. Rxe4 Qf6 11. Qf3 Qxf3 12. Rxe5+ Kd8 13. gxf3 Bh4 14.
Bg5+ Bxg5 15. Rxg5 c6 16. Rxg7 Be6 17. Nd2 Kc7 18. Re1 Rae8 19. c4 Kb8 20. cxd5
cxd5 21. Ba4 Rc8 22. Nb3 Rc2 23. Nd4 Bh3+ 24. Kg1 Rxb2 25. Bb3 a6 26. Rd1 Re8
27. Rxh7 Rg8+ 28. Kh1 Bg2+ 29. Kg1 Bxf3+ 30. Kf1 Bxd1 31. Bxd1 Rd2 32. Bb3 Rxd4
33. Rxf7 Rh8 34. Rf5 Rxh2 35. Bxd5 Rd1# 0-1

[Event "IX Open Autunno"]
[Site "Robecchetto con Induno ITA"]
[Date "2012.11.22"]
[Round "7"]
[White "Volpe, Antonio"]
[Black "Minore, Antonino"]
[WhiteElo "1727"]
[BlackElo "1295"]
[Result "1-0"]
[PlyCount "83"]
[EventDate "2012.10.04"]

1. e4 c5 2. f4 d6 3. Nf3 Bg4 4. Bc4 Bxf3 5. Qxf3 e6 6. O-O a6 7. a4 Nc6 8. c3
Be7 9. d3 Nf6 10. Be3 O-O 11. Nd2 Ne8 12. Rad1 Nc7 13. Qg4 b5 14. Bb3 Na5 15.
axb5 axb5 16. Bc2 d5 17. f5 exf5 18. Rxf5 Ra6 19. e5 Rg6 20. Qh3 Ne6 21. d4
cxd4 22. cxd4 Qb6 23. Rh5 Ng5 24. Qd7 Qd8 25. Qxd8 Rxd8 26. Bxg6 fxg6 27. Rxg5
Bxg5 28. Bxg5 Re8 29. Ra1 Nc6 30. Nb3 b4 31. Ra6 Rc8 32. e6 h6 33. Be3 g5 34.
h3 Kh7 35. Nc5 Kg6 36. g4 h5 37. Kg2 Ne7 38. Kg3 Kh6 39. h4 hxg4 40. Kxg4 Kg6
41. h5+ Kh6 42. Bxg5+ 1-0